Statistics for A to Z: Pokémon Gen 1

Click here to take the quiz!

General Stats

  • This quiz has been taken 217 times
  • The average score is 19 of 22

Answer Stats

HintAnswer% Correct
BBeedrill, Bellsprout, Blastoise, Bulbasaur, Butterfree
98%
CCaterpie, Chansey, Charizard, Charmander, Charmeleon, Clefable, Clefairy, Cloyster, Cubone
98%
AAbra, Aerodactyl, Alakazam, Arbok, Arcanine, Articuno
96%
GGastly, Gengar, Geodude, Gloom, Golbat, Goldeen, Golduck, Golem, Graveler, Grimer, Growlithe, Gyarados
95%
PParas, Parasect, Persian, Pidgeot, Pidgeotto, Pidgey, Pikachu, Pinsir, Poliwag, Poliwhirl, Poliwrath, Ponyta, Porygon, Primeape, Psyduck
95%
EEevee, Ekans, Electabuzz, Electrode, Exeggcute, Exeggutor
94%
DDewgong, Diglett, Ditto, Dodrio, Doduo, Dragonair, Dragonite, Dratini, Drowzee, Dugtrio
93%
MMachamp, Machoke, Machop, Magikarp, Magmar, Magnemite, Magneton, Mankey, Marowak, Meowth, Metapod, Mew, Mewtwo, Moltres, Mr. Mime, Muk
93%
VVaporeon, Venomoth, Venonat, Venusaur, Victreebel, Vileplume, Voltorb, Vulpix
93%
SSandshrew, Sandslash, Scyther, Seadra, Seaking, Seel, Shellder, Slowbro, Slowpoke, Snorlax, Spearow, Squirtle, Starmie, Staryu
91%
RRaichu, Rapidash, Raticate, Rattata, Rhydon, Rhyhorn
89%
JJigglypuff, Jolteon, Jynx
88%
ZZapdos, Zubat
87%
KKabuto, Kabutops, Kadabra, Kakuna, Kangaskhan, Kingler, Koffing, Krabby
86%
OOddish, Omanyte, Omastar, Onix
86%
WWartortle, Weedle, Weepinbell, Weezing, Wigglytuff
86%
HHaunter, Hitmonchan, Hitmonlee, Horsea, Hypno
85%
FFarfetch'd, Fearow, Flareon
84%
NNidoking, Nidoqueen, Nidoran F, Nidoran M, Nidorina, Nidorino, Ninetales
80%
LLapras, Lickitung
76%
TTangela, Tauros, Tentacool, Tentacruel
75%
IIvysaur
71%

Score Distribution

Percentile by Number Answered

Percent of People with Each Score

Your Score History

You have not taken this quiz